000 00771cab a22001935a 4500
001 L154202
008 111031e20111022xxk 000 0 eng d
035 _a(Sirsi) u154202
041 0 _aeng
100 1 _aArmitage, Simon
245 0 0 _aBe proactive for the better
260 _c2011
490 _aEstates Gazette
_v(1142) 22 October 2011, 116-117(2)
520 _aArticle on vacant property management explains that empty properties should be kept in repair to obtain the best return and comply with legal obligations. Includes information on how to cope with squatters, effective decommissioning, and how vacant property can qualify for empty property rates relief.
590 _aKA
651 4 _aUnited Kingdom
690 _aBlock management
_96220
942 _n0
999 _c83531
_d83531